000 00245nam a22001097a 4500
082 _a621.3 RAP
100 _aRAPSON,E.T.A
_959201
245 _aEXPERIMENTAL ELECTRICAL ENGINEERING
260 _aLONDON
_bPDF
_c1957
300 _a205P
942 _cBK
999 _c569236
_d569236